Представление документа в формате RUSMARC

ПолеНазваниеЗначение
  Тип записи a
  Библиографический уровень m
001 Контрольный номер RU/ГПНТБ России/KNIGADB/84(2Рос-Рус)6/К 60-086936
005 Дата корректировки 20201206205213.0
010 Индекс ISBN __
a ISBN 978-5-17-062960-2 (АСТ)
010 Индекс ISBN __
a ISBN 978-5-403-02475-4 (АСТ Москва)
010 Индекс ISBN __
a ISBN 978-5-226-01712-4 (ВКТ)
d Цена 56-40, 3000 экз.
100 Данные общей обработки __
a Данные общей обработки 19191010d2010 ||| 0rusy0189 ca
101 Язык документа 0_
a Язык текста rus
102 Страна публикации __
a Страна публикации RU
102 Страна публикации __
a Страна публикации RU
105 Кодированные данные (монография) __
a Кодированные данные (монография) #|||||||000zy
200 Заглавие и сведения об ответственности 1_
a Заглавие Взрослые игры
e Сведения, относящиеся к заглавию роман
f Первые сведения об ответственности Елена Колина
b Общее обозначение материала Текст
210 Выходные данные __
a Место издания Москва
a Место издания Владимир
c Издательство АСТ
c Издательство АСТ Москва
c Издательство ВКТ
d Дата издания 2010
215 Физическое описание __
a Объем 319 с.
d Формат 21 см
300 Общие примечания __
a Общие примечания Ранее издавался под названием "Дневник новой русской-2"
300 Общие примечания __
a Общие примечания Продолжение романа "Дневник новой русской"
330 Аннотация __
a Аннотация Долгожданное продолжение любимого абсолютно всеми читательницами страны бестселлера Елены Колиной "Дневник новой русской"! Тонкая ироничная история о сокровенных проблемах молодой петербурженки, подкупающая искренностью и особым взглядом на происходящее.
333 Примечание о целевом назначении __
a Примечание о целевом назначении 16+. Для детей старше 16 лет
517 Другие варианты заглавия __
a Другие варианты заглавия Дневник новой русской-2
606 Тематические рубрики __
a Основная рубрика Художественная литература
606 Тематические рубрики __
a Основная рубрика Современная русская литература (произведения)
610 Ключевые слова __
a Ключевые слова романы
610 Ключевые слова __
a Ключевые слова любовные романы
610 Ключевые слова __
a Ключевые слова сентиментальная проза
610 Ключевые слова __
a Ключевые слова сентиментальные романы
610 Ключевые слова __
a Ключевые слова романтическая проза
610 Ключевые слова __
a Ключевые слова женская проза
610 Ключевые слова __
a Ключевые слова женские романы
686 Индексы других классификаций __
2 Код системы rubbks
a Классификационный индекс 84(2=411.2)6-4; ст84(2=411.2)6-4
700 Автор _1
a Фамилия Колина
b Имя Е.
f Даты 1959-
g Полное личное имя Елена
4 Код отношения 070
801 Источник записи _0
a Страна RU
b Организация ГПНТБ России
c Дата составления 20191010
g Правила каталогизации PSBO
801 Источник записи _2
a Страна RU
b Организация Муниципальное бюджетное учреждение культуры "Централизованная библиотечная система" г. Сургут (Центральная городская библиотека им. А. С. Пушкина)
c Дата составления 20191010
852 Данные о местонахождении __
j Шифр хранения 84(2=411.2)6-4
i Авторский знак К 60
901 Тип документа __
a Ответственный КиК/Мамарузиева
t Тип документа m
903 Характеристики (МАРС) __
a Дата передачи 20191010
990 Данные о заказе (DOS) __
j Количество экземпляров (DOS) 4
t N записи в КСУ для И/У (DOS) 201910